000 00683nam a2200241Ia 4500
003 GCL
008 140319s9999 xx 000 0 aGer d
040 _aGCL /
_cGCL
082 0 4 _a055.962031
_bS I
100 1 _aSAMMARCO, ANGELO
245 1 0 _aIL REGNO DI MOHAMMED ALI NEI DOCUMENTI DIPLOMATICI ITALIANI /
_cSAMMARCO, ANGELO
260 _a[S.N] :
_bLA SOCIETE DE GEOGRAPHIE D'EGYPTE ،
_c1931
300 _a288
650 0 4 _aDOCUMENT WRITING ITALIAN
650 0 4 _aEGYPT
650 0 4 _aHISTORY
650 0 4 _aFOREIGN RELATIONS
650 0 4 _aARCHIVES
650 0 4 _aDIPLOMATICS
650 0 4 _aMOHAMED ALI 1805 - 1849
650 0 4 _aGOVERNMENT PUBLICATIONS
942 _2ddc
_cBK
999 _c17242
_d17242